| 000 | 00510nam a2200169 i 4500 | ||
|---|---|---|---|
| 001 | 143507 | ||
| 003 | ES-MaACL | ||
| 005 | 20230906200833.0 | ||
| 007 | t| | ||
| 008 | 070214s1979 sp f |||| | spa d | ||
| 100 | 1 |
_aSequeros, Antonio. _9105512 |
|
| 245 | 1 | 0 |
_aMeditaciones y glosas sobre Gabriel Miró / _cAntonio Sequeros. |
| 260 |
_aOrihuela : _bLit. Zerón, _c1979. |
||
| 300 |
_a113 p., 1 lám. ; _c22 cm. |
||
| 600 | 1 | 4 |
_aMiró, Gabriel- _xCrítica e interpretación. _981603 |
| 852 |
_aES-MaACL _jL-782 |
||
| 999 |
_c143507 _d143507 |
||